Включи Нощта (Запис номер 381428)
[ съкратено ]
| 000 -Лидер | |
|---|---|
| Контролно поле с фиксирана дължина | 01037nam a2200253 a 4500 |
| 003 - Код на организацията, давaща контролен номер | |
| Контролно поле | BLK |
| 005 - Дата и час на последна редакция | |
| Контролно поле | 20250206172139.0 |
| 008 - Елементи от данни с фиксирана дължина | |
| fixed length control field | 200811b bu ||||| |||| 00| 0 bu d |
| 020 ## - Международен стандартен номер на книга ISBN | |
| Международен стандартен номер на книга ISBN | 9786192290207 |
| 040 ## - Източник на каталожния запис | |
| Идентификатор на билиотеката - собственик на записа | BLK |
| 041 ## - Код за език | |
| Код за езика на текст/звукозапис или на отделно заглавие | Български |
| Код за езика КДБФ | Български |
| 080 ## - УДК | |
| Текстов определител УДК | Американска литература (на САЩ) |
| УДК код - определител по УДК | 821.111(73) |
| УДК - код + определител | 821.111(73)-93 |
| УДК определител | -93 |
| 100 ## - Редна дума - Автор | |
| R(LIN) | 364486 |
| Автор | Бредбъри, Рей Дъглас |
| Авторска отговорност | първи автор |
| 139 ## - Редно поле | |
| Редна дума | Бредбъри, Рей Дъглас |
| Авторски знак | Бре - Б 80 |
| 245 ## - Сведения за заглавието | |
| Заглавие | Включи Нощта |
| Редно поле (дума) | Рей Бредбъри, ил. Мира Радославова, прев. от англ. Десислава Сивилова. |
| 260 ## - Област на издателските данни | |
| 9 (RLIN) | 401623 |
| Място на издаване, разпространение и проч. | София |
| Име на издателя, разпространителя и проч. | БГ книга |
| Година на издаване | 2019 |
| 300 ## - Физическа характеристика | |
| Страници | 44 с. |
| Размери/Мащаб | 23 см |
| Илюстрации и др. | с ил. |
| 380 ## - Жанр | |
| Жанр | Детска худож. лит. |
| 700 ## - Други автори (авторска отговорност) | |
| 9 (RLIN) | 599 |
| Лично име | Мирославова, Мира |
| Автороска отговорност (Описва отношението между автора и произведението) | ил. |
| 700 ## - Други автори (авторска отговорност) | |
| 9 (RLIN) | 1021 |
| Лично име | Сивилова, Десислава |
| Автороска отговорност (Описва отношението между автора и произведението) | прев. от англ. |
| 999 ## - СИСТЕМНИ КОНТРОЛНИ НОМЕРА | |
| Koha biblionumber | 381428 |
| Koha biblioitemnumber | 381428 |
| 942 ## - АРТИКУЛИ | |
| Източник на класификационната схема | Universal Decimal Classification |
| Вид на библиотечния материал | Книги |
| Скрит в OPAC | Не |
| Периодичен библиозапис | Да |
| Koha issues (borrowed), all copies | 14 |
| 944 ## - СЪЗДАВАНЕ И РЕДАКЦИЯ на ЗАПИСА | |
| Създаване/Редакция | Създаване |
| Дата на регистрацията/редакция | 2020-08-11 |
| Служител, извършил регистрацията/редакцията | 30564 |
| Статус, дата на статуса | Анна Гръцманова |
| 999 ## - СИСТЕМНИ КОНТРОЛНИ НОМЕРА | |
| Koha biblioitemnumber | 381428 |
| Код за отписване | Код за изгубен артикул | Източник на класификационната схема | Код за повреда | Коз за рестрикции | Код за отдаване | Артикулен № | Име на библиотеката - собственик | Име на библиотеката, в която се намира в момента | Статус (Текущо местоположение) | Дата на вписване в системата | Местоположение - отдел | Цена в лева | Систематично азбучна сигнатура | Баркод | Цена в евро | Служебен тип на артикула |
|---|---|---|---|---|---|---|---|---|---|---|---|---|---|---|---|---|
| Не е изгубен | Universal Decimal Classification | Не е повреден | без рестрикции | заемане за дома | 799371 | Регионална библиотека "Любен Каравелов" Русе | Регионална библиотека "Любен Каравелов" Русе | Детски отдел | 2020-09-17 | Детски отдел | 18.00 | 821-93/Б 80 Р | 120000846810 | 9.20 | Книги | |
| Не е изгубен | Universal Decimal Classification | Не е повреден | без рестрикции | заемане за дома | 799372 | Регионална библиотека "Любен Каравелов" Русе | Регионална библиотека "Любен Каравелов" Русе | Детски отдел | 2020-09-17 | Детски отдел | 18.00 | 821-93/Б 80 Р | 120000846811 | 9.20 | Книги |